Pensare a modo

Saved in:
Bibliografiske detaljer
Hovedforfatter: Rongioletti, Stefano
Format: Bog
Sprog:engelsk
Tags: Tilføj Tag
Ingen Tags, Vær først til at tagge denne postø!

MARC

LEADER 00000nam a2200000 4500
005 20240724161423.0
008 240724b |||||||| |||| 00| 0 eng d
040 |c GP 
100 |a Rongioletti, Stefano 
245 |a Pensare a modo 
942 |2 ddc  |c BK  |n 0 
952 |0 0  |1 0  |2 ddc  |4 0  |6 085_000000000000000_RON  |7 1  |9 1672  |a RM  |b RM  |d 2024-07-24  |l 0  |o 085 RON  |p 54  |r 2024-07-24 16:14:47  |w 2024-07-24  |y BK 
999 |c 1485  |d 1485